OECD sovereign borrowing outlook 2013

Gespeichert in:
Bibliographische Detailangaben
Format: Buch
Sprache:Englisch
Veröffentlicht: Paris OECD 2013
Schlagworte:
Tags: Tag hinzufügen
Keine Tags, Fügen Sie das erste Tag hinzu!

MARC

LEADER 00000nam a2200000 4500
001 0177719
005 20240315121053.4
020 |a 978-92-64-18139-7 
041 0 |a eng 
044 |a FR 
245 1 0 |a OECD sovereign borrowing outlook 2013 
264 1 |a Paris  |b OECD  |c 2013 
300 |a 145 s. 
610 2 0 |a rozpočty 
610 2 0 |a politika fiškálna 
610 2 0 |a politika menová 
610 2 0 |a dlhy štátne